Catálogo Biblioteca Central

Addiction aux jeux et santé publique (Registro nro. 166528)

Detalles MARC
000 -CABECERA
campo de control de longitud fija 00696naa a2200205 4500
001 - NÚMERO DE CONTROL
campo de control 166528
003 - IDENTIFICADOR DEL NÚMERO DE CONTROL
campo de control ES-MaBCM
005 - FECHA Y HORA DE LA ÚLTIMA TRANSACCIÓN
campo de control 20241016190952.0
008 - CÓDIGOS DE INFORMACIÓN DE LONGITUD FIJA
campo de control de longitud fija 090213s2009 fra|r0p 0 ||fre d
021 ## -
-- xx
035 ## - NÚMERO DE CONTROL DEL SISTEMA
Número de control de sistema (OCoLC)1365250497
040 ## - FUENTE DE LA CATALOGACIÓN
Centro transcriptor ES-MaBCM
100 1# - PUNTO DE ACCESO PRINCIPAL - NOMBRE DE PERSONA
Nombre de persona Vila, Jean-Baptiste
9 (RLIN) 86729
245 00 - MENCIÓN DE TÍTULO
Título Addiction aux jeux et santé publique
Resto del título : recomposition de l'ordre public ou nouveau motif d'intérêt général?
Mención de responsabilidad etc. Jean-Baptiste Vila
650 #7 - PUNTO DE ACCESO ADICIONAL DE MATERIA--TÉRMINO DE MATERIA
Término de materia o nombre geográfico como elemento inicial Juego de azar
9 (RLIN) 59117
651 #4 - PUNTO DE ACCESO ADICIONAL DE MATERIA--NOMBRE GEOGRÁFICO
Nombre geográfico Francia
9 (RLIN) 115364
650 #0 - PUNTO DE ACCESO ADICIONAL DE MATERIA--TÉRMINO DE MATERIA
Término de materia o nombre geográfico como elemento inicial Ludopatía
9 (RLIN) 126832
773 0# - ENLACE AL DOCUMENTO FUENTE
Encabezamiento principal En:
Título AJDA. L'actualité juridique. Droit administratif
Lugar editor y fecha de publicación Paris
Número de control del registro relacionado 104215
Parte(s) relacionada(s) Nº 33 (oct. 2008), p. 1804-1811
942 ## - ELEMENTOS DE PUNTO DE ACCESO ADICIONAL (KOHA)
Tipo de ítem Koha Artículos de revistas
Existencias
Estado de retiro Estado de pérdida Estado dañado No para préstamo Localización permanente Ubicación/localización actual Fecha de adquisición Precio válido a partir de Tipo de ítem Koha
        Biblioteca Central del Ministerio de la Presidencia Biblioteca Central del Ministerio de la Presidencia 21/04/2012 21/04/2012 Artículos de revistas